| 000 | 00970cam a2200169ua 4500 | ||
|---|---|---|---|
| 020 | _c1.75 | ||
| 041 |
_amal _h |
||
| 082 |
_a500 _bSIL/GA |
||
| 110 | 1 |
_aState Institute of Language . _b _c(Thiruvananthapuram, Kerala ) |
|
| 245 |
_aGanitha-Bhoutika pattikakal / _cState Institute of Languages, Thiruvananthapuram. _hTextual Documents |
||
| 260 |
_aThiruvananthapuram : _bState Instititute of Languages , _c1971. |
||
| 300 | _a102 ; . | ||
| 365 | _a1.75 | ||
| 504 | _a | ||
| 942 | _cBK | ||
| 999 |
_c6181 _d6181 |
||